[Event "AUTO-ADV-4000"]
[Site "http://www.queenalice.com/game.php?id=1522561"]
[Date "2018.4.6"]
[Round "1"]
[White "julianomachado"]
[Black "ulisses67"]
[Result "1-0"]
[WhiteElo "2015"]
[BlackElo "1608"]

1. d4 d5 2. c4 Nf6 3. Nc3 dxc4 4. e3 Bg4 5. Qa4+ Bd7 6. Qxc4 a6 7. Nf3 Bb5 8.
Nxb5 axb5 9. Qxb5+ c6 10. Qxb7 Nbd7 11. Qxc6 Rc8 12. Qa4 e6 13. Bb5 Ra8 14. Qc4
Bd6 15. O-O O-O 16. Qd3 Ra5 17. Bd2 Ra7 18. e4 Nh5 19. g3 Nb6 20. a4 Nf6 21. Qe2
Qc7 22. e5 Bxe5 23. dxe5 Ng4 24. h3 Nxe5 25. Nxe5 Qc5 26. Rac1 Qd6 27. b3 Nd5
28. Nc4 Qc5 29. Ne3 Qd6 30. Nxd5 exd5 31. Bf4 Qb4 32. Rb1 Re7 33. Qd3 d4 34. Bd2
Qd6 35. a5 Qd5 36. b4 Rb8 37. Bc4 Qd7 38. Kh2 h5 39. Bf4 Rd8 40. b5 Kf8 41. Qh7
f6 42. Qg8# 1-0

[Event "AUTO-ADV-4000"]
[Site "http://www.queenalice.com/game.php?id=1522570"]
[Date "2018.4.6"]
[Round "1"]
[White "julianomachado"]
[Black "Canaye"]
[Result "1-0"]
[WhiteElo "1977"]
[BlackElo "1770"]

1. e4 e6 2. d4 d5 3. Nc3 dxe4 4. Nxe4 Nd7 5. Nf3 Ngf6 6. Nxf6+ Nxf6 7. Bc4 c5 8.
O-O cxd4 9. Nxd4 Be7 10. b3 O-O 11. Bb2 Bd7 12. h3 Rc8 13. Qf3 Re8 14. Qxb7 Rc7
15. Qf3 Bc5 16. Nb5 Bxb5 17. Bxb5 Ree7 18. Bxf6 gxf6 19. Qxf6 Bd4 20. Qg5+ Kh8
21. Rad1 Rc5 22. Rxd4 Qc7 23. Qf6+ Kg8 24. Rg4+ 1-0

[Event "AUTO-ADV-4000"]
[Site "http://www.queenalice.com/game.php?id=1522571"]
[Date "2018.4.6"]
[Round "1"]
[White "Canaye"]
[Black "julianomachado"]
[Result "0-1"]
[WhiteElo "1874"]
[BlackElo "1986"]

1. d4 Nf6 2. c4 g6 3. Nc3 d5 4. cxd5 Nxd5 5. e4 Nxc3 6. bxc3 e5 7. d5 Bg7 8. Bd3
O-O 9. Ne2 c6 10. c4 a6 11. O-O f6 12. Ba3 Re8 13. d6 Bf8 14. c5 b6 15. Qc2 bxc5
16. Bxc5 Bxd6 17. Be3 Be6 18. f4 Qc7 19. f5 Bf7 20. fxg6 hxg6 21. Rxf6 Nd7 22.
Rf3 Kg7 23. Raf1 Re7 24. Bg5 Rae8 25. Bxe7 Rxe7 26. Nc1 Be6 27. Nb3 Rf7 28.
Rxf7+ Bxf7 29. Nd2 a5 30. Nf3 Be7 31. Bb5 Qb6+ 32. Qf2 Qxf2+ 33. Kxf2 cxb5 34.
Rd1 Be6 35. g3 Bc5+ 36. Kg2 Kf6 37. Rc1 b4 38. Ne1 a4 39. Nd3 Bxa2 40. Nxc5 Nxc5
41. Rxc5 b3 42. Kf1 b2 43. Rb5 Bc4+ 44. Ke1 Bxb5 45. g4 b1=Q+ 46. Kf2 Qxe4 47.
h4 Qxg4 48. h5 gxh5 49. Ke1 Qe2# 0-1

[Event "AUTO-ADV-4000"]
[Site "http://www.queenalice.com/game.php?id=1538006"]
[Date "2018.8.7"]
[Round "2"]
[White "Gosiulkaa"]
[Black "julianomachado"]
[Result "0-1"]
[WhiteElo "2015"]
[BlackElo "2028"]

1. e4 e5 2. Nf3 Nc6 3. Bb5 a6 4. Bxc6 dxc6 5. O-O Be6 6. d4 exd4 7. Nxd4 Qf6 8.
Nc3 O-O-O 9. Na4 Rxd4 10. Nc3 Rxd1 11. Rxd1 Bc5 0-1

[Event "AUTO-ADV-4000"]
[Site "http://www.queenalice.com/game.php?id=1538007"]
[Date "2018.8.7"]
[Round "2"]
[White "julianomachado"]
[Black "Gosiulkaa"]
[Result "1-0"]
[WhiteElo "2043"]
[BlackElo "2078"]

1. e4 e5 2. Nf3 Nc6 3. Bb5 d6 4. O-O Bd7 5. d4 Nxd4 6. Bxd7+ Qxd7 7. Nxd4 exd4
8. Qxd4 Nf6 9. Re1 Be7 10. Nc3 O-O 11. Bf4 h6 12. Rad1 Qg4 13. Bc1 a6 14. h3 Qg6
15. Nd5 Nxd5 16. Qxd5 c6 17. Qb3 b5 18. Qc3 c5 19. Bf4 Rfd8 20. Qg3 Qxg3 21.
Bxg3 Ra7 22. Rd5 Bf6 23. c3 Rad7 24. Red1 Be7 25. e5 g5 26. f4 gxf4 27. Bxf4 Bg5
28. Bg3 f5 29. e6 Re7 30. Rxd6 Rxd6 31. Rxd6 f4 32. Bf2 c4 33. Rxa6 Rb7 34. Bd4
b4 35. Kf2 Kf8 36. Bc5+ Be7 37. Bd4 bxc3 38. Ra8+ Bd8 39. Bf6 1-0

[Event "AUTO-ADV-4000"]
[Site "http://www.queenalice.com/game.php?id=1552160"]
[Date "2018.12.7"]
[Round "3"]
[White "MarcosT"]
[Black "julianomachado"]
[Result "0-1"]
[WhiteElo "1946"]
[BlackElo "2060"]

1. e4 c5 2. c4 Nc6 3. Nc3 e5 4. Nf3 d6 5. h3 Nf6 6. d3 h6 7. Be3 Be7 8. a3 O-O
9. Be2 Nd4 10. Nd5 Bd7 11. Nxe7+ Qxe7 12. Nxd4 cxd4 13. Bd2 a5 14. a4 Be6 15.
Bg4 Bxg4 16. hxg4 Nh7 17. Bxh6 gxh6 18. Rxh6 Ng5 19. Rh5 f6 20. Ke2 Kg7 21. Qd2
b6 22. Rah1 Rh8 23. f4 Ne6 24. fxe5 dxe5 25. Kf1 Ng5 26. Qf2 Qd7 27. Qh4 Rxh5
28. Qxh5 Qxa4 29. Qh6+ Kf7 30. Kg1 Qd1+ 31. Kf2 Qxd3 0-1

[Event "AUTO-ADV-4000"]
[Site "http://www.queenalice.com/game.php?id=1552161"]
[Date "2018.12.7"]
[Round "3"]
[White "julianomachado"]
[Black "MarcosT"]
[Result "1-0"]
[WhiteElo "2071"]
[BlackElo "1935"]

1. e4 c5 2. Nf3 Nc6 3. Bb5 Nf6 4. Bxc6 bxc6 5. d3 h6 6. O-O d6 7. h3 e5 8. Re1
Be7 9. Nc3 O-O 10. Ne2 Bb7 11. c4 Nd7 12. Ng3 d5 13. b3 d4 14. Nf5 Bg5 15. Bxg5
hxg5 16. Qd2 f6 17. h4 gxh4 18. N3xh4 Kf7 19. Nd6+ Ke6 20. Nxb7 Qc7 21. Na5 Rh8
22. g3 Rh7 23. Kg2 Rah8 24. Rh1 Nf8 25. b4 g5 26. Nf5 Ng6 27. Nb3 Rxh1 28. Nxc5+
Kf7 29. Rxh1 Rxh1 30. Kxh1 Qb8 31. Kg2 Qh8 32. Qd1 Qh7 33. Qg4 1-0

[Event "AUTO-OPEN-4013"]
[Site "http://www.queenalice.com/game.php?id=1555193"]
[Date "2019.1.3"]
[Round "1"]
[White "ulisses67"]
[Black "julianomachado"]
[Result "0-1"]
[WhiteElo "1598"]
[BlackElo "2088"]

1. e4 c5 2. Bc4 Nc6 3. Qh5 e6 4. d3 Nd4 5. Na3 Nf6 6. Qg5 d6 7. Nb5 Nxc2+ 8. Ke2
Nxa1 9. e5 dxe5 10. Qxe5 Kd7 11. d4 Nc2 12. dxc5 a6 13. Nd4 Nxd4+ 14. Qxd4+ Ke8
15. Qe5 Bxc5 16. Qxc5 Bd7 17. Bd3 Rc8 18. Qe3 Qc7 19. Bd2 Nd5 20. Qd4 f6 21. Nf3
Kf7 22. Rc1 Qb6 23. Qxb6 Nxb6 24. Bc3 Nd5 25. Kd2 Nf4 26. Bf1 Bc6 27. Kc2 Bxf3
28. Kb1 Bxg2 29. Bxg2 Nxg2 30. Rg1 Nf4 31. Re1 Nd3 32. Re2 Rhd8 33. Rc2 Nf4 34.
a3 b6 35. h4 Nd5 36. Ka2 Nxc3+ 37. bxc3 Rd3 38. c4 Rcd8 0-1

[Event "AUTO-OPEN-4013"]
[Site "http://www.queenalice.com/game.php?id=1555194"]
[Date "2019.1.3"]
[Round "1"]
[White "julianomachado"]
[Black "ulisses67"]
[Result "1-0"]
[WhiteElo "2086"]
[BlackElo "1600"]

1. e4 e5 2. Nf3 Qf6 3. Bc4 h6 4. O-O g5 5. d4 d6 6. dxe5 dxe5 7. Nc3 Bc5 8. Nd5
Qd6 9. Be3 Bxe3 10. Nxe3 Qxd1 11. Raxd1 Nc6 12. Nd5 Kf8 13. Nxc7 Rb8 14. c3 Bg4
15. Be2 Rc8 16. Nb5 a6 17. Nd6 Rc7 18. h3 Bf5 19. Nxf5 Nf6 20. Rd6 Nxe4 21. Rxh6
Rxh6 22. Nxh6 Kg7 23. Ng4 f5 24. Ngxe5 Nxe5 25. Nxe5 Nd2 26. Rd1 Ne4 27. Rd7+
Rxd7 28. Nxd7 f4 29. Bf3 Nd6 30. Nc5 b5 31. Nxa6 Kf6 32. Nc5 Nc4 33. b3 Nd2 34.
Ne4+ Nxe4 35. Bxe4 Ke5 36. f3 Kd6 37. Kf2 Kc5 38. g3 b4 39. cxb4+ Kxb4 40. gxf4
gxf4 41. h4 1-0

[Event "AUTO-OPEN-4013"]
[Site "http://www.queenalice.com/game.php?id=1555221"]
[Date "2019.1.3"]
[Round "1"]
[White "nuage"]
[Black "julianomachado"]
[Result "0-1"]
[WhiteElo "1624"]
[BlackElo "2082"]

1. Nf3 d5 2. d3 Nf6 3. g3 c5 4. Bg2 Nc6 5. Bg5 e6 6. O-O Be7 7. Bxf6 Bxf6 8.
Nbd2 Bxb2 9. Rb1 Bf6 10. c4 b6 11. Qa4 Bd7 12. Qb3 Na5 13. Qa3 O-O 14. e4 dxe4
15. Nxe4 Bc6 16. Nxf6+ Qxf6 17. Rbe1 Bxf3 18. Bh3 Nc6 19. Qc1 Nb4 20. Re3 Rfd8
21. Qd2 Qh6 22. Qe1 Rxd3 23. a3 Nc2 24. Qc1 Nxe3 25. fxe3 Qxh3 26. Rf2 Rd1+ 0-1

[Event "AUTO-OPEN-4013"]
[Site "http://www.queenalice.com/game.php?id=1555222"]
[Date "2019.1.3"]
[Round "1"]
[White "julianomachado"]
[Black "nuage"]
[Result "1-0"]
[WhiteElo "2084"]
[BlackElo "1637"]

1. d4 e6 2. e4 Nf6 3. e5 Nd5 4. c4 Bb4+ 5. Ke2 Nb6 6. c5 Nd5 7. a3 Bxc5 8. dxc5
c6 9. Nf3 O-O 10. Bd2 b6 11. Nc3 Ba6+ 12. Ke1 Bxf1 13. Kxf1 Qe7 14. cxb6 Nxb6
15. Ne4 h6 16. Bb4 Qd8 17. Bxf8 Qxf8 18. g3 Nd5 19. Kg2 f6 20. Re1 f5 21. Nd6
Na6 22. Qc2 g5 23. Rac1 g4 24. Nd4 Qg7 25. Qe2 f4 26. Qxa6 f3+ 27. Kg1 Nc7 28.
Qb7 Rf8 29. Qxc7 a5 30. Ne4 h5 31. Nf6+ Kh8 32. Qxd7 1-0

[Event "AUTO-OPEN-4013"]
[Site "http://www.queenalice.com/game.php?id=1555239"]
[Date "2019.1.3"]
[Round "1"]
[White "Mercurium"]
[Black "julianomachado"]
[Result "0-1"]
[WhiteElo "2287"]
[BlackElo "2111"]

1. d4 d5 2. c4 e6 3. Nc3 Nf6 4. Bg5 dxc4 5. e4 Be7 6. Bxc4 h6 7. Bxf6 Bxf6 8. e5
Be7 9. f4 b6 10. Nf3 Bb7 11. O-O Nc6 12. d5 Na5 13. Qa4+ Kf8 14. dxe6 Bxf3 15.
Rxf3 Qd4+ 16. Kh1 Qxc4 17. Qc2 Qxe6 18. Re1 Qc6 19. a3 Re8 20. Qf2 Bc5 21. Qg3
Be7 22. f5 Bd8 23. e6 Bf6 24. b4 Nc4 25. Rd3 fxe6 26. fxe6 Rxe6 27. Rf1 Nd6 28.
Nd5 Ke8 29. Nxf6+ Rxf6 30. Re1+ Kd8 31. Qxg7 Rhf8 32. Rdd1 Qa4 33. Qe7+ Kc8 34.
Rc1 Nb5 35. h3 Qxa3 36. Qe4 Kb8 37. Qc4 Rf5 38. Kh2 Rg5 39. Qh4 Qb2 40. Qe4 Rfg8
41. Rc2 Qf6 42. Rec1 Qe5+ 43. Qxe5 Rxe5 44. Rd1 h5 45. Rd7 Re4 46. Rd5 Rxb4 47.
Rxh5 Nd4 48. Rd2 a5 49. Rd5 c5 50. Rd7 a4 51. Rf2 Nc6 52. Rff7 Na5 53. Rd3 Rb2
0-1

[Event "AUTO-OPEN-4013"]
[Site "http://www.queenalice.com/game.php?id=1555240"]
[Date "2019.1.3"]
[Round "1"]
[White "julianomachado"]
[Black "Mercurium"]
[Result "1-0"]
[WhiteElo "2090"]
[BlackElo "2305"]

1. e4 g6 2. d4 Bg7 3. Nf3 d6 4. Bb5+ c6 5. Bd3 Bg4 6. c3 Nd7 7. Nbd2 Ngf6 8. O-O
O-O 9. h3 Bxf3 10. Nxf3 Re8 11. e5 dxe5 12. dxe5 Nd5 13. e6 fxe6 14. Re1 e5 15.
Ng5 e6 16. Bc2 Qc7 17. Ne4 N7f6 18. Bd2 Nxe4 19. Bxe4 Rad8 20. Qc2 Rd7 21. Rad1
Rf7 22. Bc1 Ref8 23. Rf1 Qe7 24. g3 Qc5 25. c4 Ne7 26. Be3 Qa5 27. b3 Nf5 28.
Bd2 Qc7 29. c5 Nd4 30. Qc4 Ra8 31. a4 b5 32. cxb6 Qxb6 33. b4 Rc8 34. Be3 c5 35.
Rb1 Rfc7 36. a5 Qd6 37. b5 Rb8 38. Rfd1 Kf7 39. Kg2 Qd7 40. b6 axb6 41. axb6
Rcc8 42. Rb2 Qd6 43. b7 Rc7 44. Ra1 Nc6 45. Ra6 Qd7 46. Rbb6 Nd8 47. Rd6 Qe8 48.
Bg5 Bf6 49. Bxf6 Kxf6 50. Qc3 Nxb7 51. Qf3+ Kg7 52. Rxe6 Qb5 53. Rxg6+ Kh8 54.
Qf6+ 1-0

[Event "AUTO-OPEN-4013"]
[Site "http://www.queenalice.com/game.php?id=1598650"]
[Date "2020.2.7"]
[Round "2"]
[White "julianomachado"]
[Black "Canaye"]
[Result "1-0"]
[WhiteElo "2108"]
[BlackElo "1875"]

1. e4 e6 2. d4 d5 3. Nc3 dxe4 4. Nxe4 Nd7 5. Nf3 Ngf6 6. Nxf6+ Nxf6 7. c3 c5 8.
Be3 cxd4 9. Bxd4 Be7 10. Bd3 O-O 11. O-O Bd7 12. Ne5 Be8 13. Qc2 Rc8 14. Rad1 g6
15. h3 Nd5 16. Qc1 Nb6 17. Be3 Nd5 18. Bh6 Qb6 19. Bxf8 Kxf8 20. Nf3 Nb4 21.
Qh6+ Kg8 22. cxb4 Bf8 23. Qf4 Bd6 24. Qe4 Bc6 25. Qe2 Re8 26. a3 e5 27. Ng5 h6
28. Ne4 Bxe4 29. Bxe4 f5 30. Bb1 Kg7 31. Rd2 Bc7 32. Rfd1 Kf6 33. Qc4 1-0

[Event "AUTO-OPEN-4013"]
[Site "http://www.queenalice.com/game.php?id=1598651"]
[Date "2020.2.7"]
[Round "2"]
[White "Canaye"]
[Black "julianomachado"]
[Result "0-1"]
[WhiteElo "1837"]
[BlackElo "2130"]

1. d4 Nf6 2. c4 e6 3. Nc3 Bb4 4. Qc2 d5 5. a3 Bxc3+ 6. Qxc3 O-O 7. cxd5 exd5 8.
Bg5 h6 9. Bxf6 Qxf6 10. e3 c6 11. Bd3 Bf5 12. Ne2 Bxd3 13. Nf4 Bg6 14. O-O Nd7
15. Rfe1 Rfe8 16. Nxg6 Qxg6 17. b4 Nb6 18. a4 Nc4 19. Rac1 a6 20. a5 Rac8 21. h3
Re6 22. g3 Qf5 23. Kg2 Rf6 24. Re2 Qf3+ 0-1